|
|
|
|
| LEADER |
00000nab a2200000 ar4500 |
| 001 |
vtls010129955 |
| 003 |
SK-MaSNL |
| 005 |
20260303093524.0 |
| 008 |
100908c20100831xo ||||||||||||00 b|slo |
| 015 |
|
|
|a SNBRBL2010/09
|2 snkbucl
|
| 038 |
|
|
|a SNKBUCL
|
| 040 |
|
|
|a SNKBUCL
|b slo
|c SNKBUCL
|e AACR2
|
| 041 |
0 |
|
|a slo
|
| 044 |
|
|
|a xo
|c SK
|
| 080 |
|
|
|a 796.61.093.1
|x (437.6)
|2 2001
|
| 245 |
0 |
0 |
|a V nových dresoch s jasnými cieľmi
|b dnes štartuje v Nitre 54. ročník cyklistických pretekov Okolo Slovenska
|
| 300 |
|
|
|b Fotogr., tab.
|
| 611 |
2 |
7 |
|a Okolo Slovenska
|n (54. :
|d 2010)
|2 snkbucl
|9 1100857
|
| 650 |
0 |
7 |
|a cestná cyklistika
|2 snkbucl
|9 75789
|
| 773 |
0 |
|
|t Šport
|g Roč. 64, č. 201 (31.8.2010), s. 31
|x 0139-7001
|
| 852 |
|
|
|a SNK
|b KIS3GCP
|
| 856 |
4 |
1 |
|u http://denniksport.sk/article/145031/v-novych-dresoch-s-jasnymi-cielmi
|
| 999 |
|
|
|c 1815985
|d 1817915
|